00729nam 22002293 4500001000700000010001800007021001800025100004100043200008500084205000800169210003300177215004100210225004900251606002400300610002000324675001600344700004400360701004000404701002600444801001800470830001100488202790 a972-41-4050-4 aPTb216124/04 a20260629d u||y0pory50 ba aLucky Luke no Quebequefdesenhos Achdé, argumento Laurent Gerra segundo Morris a1ª aPortocEdições Asad2004 a46, [4] p.cil. ; encadernadod30 cm aAs aventuras de Lucky Luke segundo Morrish1 aDesenho Artístico aBanda Desenhada a74vPTzpor aMorris (Maurice Bévère) f1923-2001 aAchdé (Darmenton)bHervéf1961- aGerrabLaurentf1967- aPTbBMMNgRPC cIsabel